| 000 | 00365nam a2200145Ia 4500 | ||
|---|---|---|---|
| 008 | 210312s9999||||xx |||||||||||||| ||und|| | ||
| 041 | _aosm | ||
| 050 | _aDS23 | ||
| 050 | _bT592 | ||
| 100 | _aŞerafeddin Ali | ||
| 245 | 0 | _aTimur ve Tüzükatı | |
| 245 | 0 | _bNihayetede Cengiz Yasası | |
| 260 | _c1339 | ||
| 650 | _aMedeniyet--Orta Çağ--14. Yüzyıl--Kaynaklar | ||
| 999 |
_c21994 _d21994 |
||